000 01175nmc a2200397 a 4500
003 AR-BaBNM
005 20251128205957.0
008 248019s1994 ||||||||||||||000 | spa||
020 _a950-9023-73-6
040 _cAR-BaBNM
100 1 _aMonteagudo, Bernardo
245 1 0 _aEscritos políticos
260 _aBuenos Aires
_bRuy Díaz
_bSecretaría de Cultura de la Nación
_c1994
300 0 _a238 p.
490 0 _aIdentidad nacional
_vv. 80
650 4 _aHISTORIA ARGENTINA
650 4 _aANTECEDENTES DE LA REVOLUCION DE MAYO
650 4 _aSEMANA DE MAYO
650 4 _aPERIODO HISPANICO
650 4 _aINDEPENDENCIA ARGENTINA
650 4 _aHISTORIA POLITICA
650 4 _aHISTORIA DEL EJERCITO
650 4 _aHISTORIA MILITAR
650 4 _aEJERCITO DE LOS ANDES
650 4 _aEJERCITO LIBERTADOR DEL PERU
650 4 _aGUERRAS DE LA INDEPENDENCIA
650 4 _aCAMPANAS AL ALTO PERU
650 4 _aCAUDILLOS ARGENTINOS
650 4 _aCAMPANA DE LOS ANDES
650 4 _aCIENCIAS POLITICAS
653 0 _aJACOBINOS
700 1 _aPaz, Carlos
_eprologuista
800 1 _aSchroder Olivera, Jorge Luis
_ecoordinador
942 _cBK
998 _cMARTIN
999 _c13571
_d13571